| 000 | 00709nam a2200193 ar4500 | ||
|---|---|---|---|
| 001 | 4078 | ||
| 005 | 20221127090854.0 | ||
| 008 | 150128s su 00010|ara d | ||
| 020 | _a9960496422 | ||
| 082 | 0 | 4 |
_a658.81 _bش796 |
| 100 | 1 | _aشيفمن، ستيفن. | |
| 245 | 1 | 0 |
_aمهارات البيع عالية الفعالية / _cتاليف ستيفن شيفمن ؛ تعليق ومراجعة يوسف بن عثمان الحزيم. |
| 250 | _aط. 1. | ||
| 260 |
_aالرياض : _bيوسف بن عثمان الحزيم، _c2005. |
||
| 300 |
_a468 ص. ؛ _c21 سم. |
||
| 650 | 4 | _aادارة المبيعات. | |
| 650 | 4 | _aالتسويق. | |
| 700 | 0 |
_aالحزيم، يوسف بن عثمان، _eمراجع. |
|
| 999 |
_c4076 _d4076 |
||